000
00230nam a2200097Ia 4500
008
230508s1999 xx 000 0 und d
041
_a
eng
100
_a
H. COTTON
245
_a
ELECTRICAL TECHNOLOGY
260
_b
C.B.S. PUBLI.
_c
1999
999
_c
324956
_d
324956